Guess the lyrics (#14) - Statistics

General Stats
  • This quiz has been taken 494 times
  • The average score is 60 of 195
Answer Stats
Answer % Correct
a
95%
the
92%
You
90%
you
90%
to
78%
and
77%
And
77%
he
77%
He
77%
be
74%
when
74%
in
72%
it
72%
on
72%
where
72%
is
71%
hear
65%
so
65%
ha
62%
that
60%
for
57%
of
57%
there
55%
know
51%
know,
51%
it's
49%
by
48%
Could
46%
like
46%
will
45%
all
44%
don't
43%
his
43%
them
39%
Oh
37%
Just
36%
just
36%
just,
36%
get
35%
with
33%
down
32%
has
32%
life
30%
Now
30%
now
30%
out
30%
did
29%
never
29%
our
29%
look
22%
Look
22%
Yes,
20%
right,
18%
river
17%
about
16%
back
15%
done
15%
something
15%
ah
14%
there's
14%
There's
14%
though
14%
old
13%
someone
12%
after
10%
boy's
10%
town
10%
start
9%
babe
8%
babe,
8%
white
8%
around
7%
red
6%
boat
5%
body
5%
dear
5%
keeps
5%
knife
5%
Knife?
5%
Mack
5%
sight
5%
such
5%
line
4%
morning
4%
ooh
4%
pearly
4%
shark,
4%
shark
4%
shows
4%
teeth,
4%
ten
4%
bites
3%
Brown
3%
hard
3%
jack
3%
lies
3%
Mackie
3%
Mackie's
3%
Miss
3%
billows
2%
cement
2%
corner
2%
Five
2%
gloves,
2%
oozing
2%
scarlet
2%
sidewalk
2%
someone's
2%
spread
2%
Sunday
2%
trace
2%
tug
2%
weight,
2%
bag's
1%
cash
1%
disappeared,
1%
Diver,
1%
drawing
1%
earned
1%
Fancy
1%
forms
1%
Jenny
1%
Lenya
1%
Lotte
1%
Louie
1%
Lucy
1%
Macheath,
1%
Macheath
1%
Miller?
1%
rash?
1%
sailor
1%
sneaking
1%
spends
1%
Suky
1%
Tawdry
1%
wears
1%
dropping
0%
No matching quizzes found
Score Distribution
Percent of People with Each Score
Percentile by Number Answered
Your Score History
You have not taken this quiz